|
|
|
|
| LEADER |
00000nab a2200000 a 4500 |
| 001 |
vtls000233239 |
| 003 |
SK-MaSNL |
| 005 |
20260302212643.0 |
| 008 |
220422c1985 xo 0 cze |
| 015 |
|
|
|a SNBRA19rr/mm-uuuuu
|
| 035 |
|
|
|a CL0243353
|
| 040 |
|
|
|a SNKBUCL
|b slo
|c SNKBUCL
|e AACR2
|
| 041 |
0 |
|
|a cze
|
| 044 |
|
|
|a xo
|c SK
|
| 080 |
|
|
|a 574.58:628.541:677.46
|2 1981
|
| 080 |
|
|
|a 628.541
|2 1981
|
| 080 |
|
|
|a 677.46
|2 1981
|
| 080 |
|
|
|a 639.2
|2 1981
|
| 100 |
1 |
|
|a Zahrádka, Jiří
|4 aut
|9 415047
|
| 245 |
1 |
0 |
|a Vliv odpadních látek s obsahem celulózních vláken na rybářské využití řeky Svratky
|c Jiří Zahrádka
|
| 300 |
|
|
|b Lit. 4 zázn. v češ., angl.
|
| 650 |
0 |
7 |
|a Svratka (rieka)
|2 snkbucl
|9 937595
|
| 650 |
0 |
7 |
|a voda
|2 snkbucl
|9 854
|
| 650 |
0 |
7 |
|a Brnenské papírny, n.p., Brno
|2 snkbucl
|9 937596
|
| 651 |
|
7 |
|a 3702
|2 snkbucl
|9 353010
|
| 655 |
|
7 |
|a články zo zborníkov
|2 snkbucl
|9 166140
|
| 773 |
0 |
|
|t Siedma konferencia Československej limnologickej spoločnosti
|d Žilina : Dom techniky ČSVTS, 1985
|
| 850 |
|
|
|a Slovenská národná knižnica v Martine
|a MTA001
|
| 852 |
|
|
|a SNK
|b KIS3GCP
|
| 958 |
|
|
|a RK
|
| 958 |
|
|
|a ME
|
| 958 |
|
|
|a CZ
|
| 992 |
|
|
|a RZB
|
| 999 |
|
|
|c 1490139
|d 1492069
|